| 000 | 00566nam a2200217Ia 4500 | ||
|---|---|---|---|
| 005 | 20140407104217.0 | ||
| 008 | 140130s9999 xx 000 0 und d | ||
| 020 | _a9780439083706 | ||
| 050 |
_aPZ 7 _b.B6654Fgh 2000 |
||
| 100 |
_aBourgeois, Paulette _923066 |
||
| 245 |
_cBourgeois, Paulette _aFranklin goes to the hospital / |
||
| 260 |
_bScholastic, _c2000. _aNew York : |
||
| 300 |
_a29 p. : _bcol. ill. ; _c23 cm. |
||
| 440 |
_v1 _931174 |
||
| 521 | _aG2 | ||
| 526 | _c390 | ||
| 942 |
_cBK _2lcc |
||
| 999 |
_c40212 _d40212 |
||